[Event "NED-ch U16 op"]
[Site "Borne"]
[Date "2019.08.08"]
[Round "6"]
[White "Neirynck, Arthur"]
[Black "Schoonhoven, Mark"]
[Result "1/2-1/2"]
[WhiteElo "1514"]
[BlackElo "1275"]
[PlyCount "58"]
[EventDate "2019.08.05"]
[EventType "swiss"]
[EventRounds "9"]
[EventCountry "NED"]
[SourceTitle "EXT 2020"]
[Source "ChessBase"]
[SourceDate "2019.10.17"]
[SourceVersion "1"]
[SourceVersionDate "2019.10.17"]
[SourceQuality "1"]

1. e4 e5 2. f4 exf4 3. Bc4 Qh4+ 4. Kf1 Nc6 5. Nf3 Qe7 6. Nc3 d6 7. d3 Bg4 8. Bxf4 0-0-0 9. h3 Bxf3 10. Qxf3 Nf6 11. g4 h6 12. Kg2 Nd4 13. Qf2 c5 14. Rhf1 g5 15. Bg3 Bg7 16. Rae1 Nc6 17. Nd1 h5 18. Ne3 hxg4 19. hxg4 Qd7 20. Qe2 Nd4 21. Qd1 Rh7 22. c3 Nc6 23. Bb3 Ne5 24. Bxe5 dxe5 25. Bc2 Rdh8 26. Rh1 Rh4 27. Rxh4 gxh4 28. Rh1 Ne8 29. Nf5 Bf6 1/2-1/2